Nghệ thuật Đông Nam Á /

में बचाया:
ग्रंथसूची विवरण
मुख्य लेखक: Cao Xuân Phổ
अन्य लेखक: Ngô Văn Doanh, Trần Thị Lý
स्वरूप: Sách giấy
भाषा:Vietnamese
प्रकाशित: Hà Nội : Viện Đông Nam Á , 1984.
टैग : टैग जोड़ें
कोई टैग नहीं, इस रिकॉर्ड को टैग करने वाले पहले व्यक्ति बनें!
Thư viện lưu trữ: Thư viện Trường Đại học Đà Lạt
LEADER 00659nam a2200265 4500
001 DLU020020078
005 ##20020624
020 # # |a 978- 
041 # # |a vie 
082 # # |a 709.59  |b Ngh 
100 # # |a Cao Xuân Phổ 
245 # # |a Nghệ thuật Đông Nam Á /  |c Cao Xuân Phổ, Ngô Văn Doanh, Trần Thị Lý. 
260 # # |a Hà Nội :  |b Viện Đông Nam Á ,  |c 1984. 
300 # # |a 268 tr.;   |c 20 cm. 
700 # # |a Ngô Văn Doanh 
700 # # |a Trần Thị Lý 
992 # # |a 20000 
994 # # |a DLU 
900 # # |a False 
911 # # |a Administrator 
925 # # |a G 
926 # # |a A 
927 # # |a SH 
980 # # |a Thư viện Trường Đại học Đà Lạt